Video Games Franchises A to Z - Statistics

General Stats
  • This quiz has been taken 741 times
  • The average score is 16 of 26
Answer Stats
A-Z Developer/Publisher Hint Answer % Correct
C Activision MW3 / Black Ops Call of Duty
97%
G Rockstar Liberty City / San Andreas Grand Theft Auto
96%
M Nintendo 100 coins = 1up Mario
95%
P Nintendo Gotta Catch'em All Pokemon
92%
A Ubisoft Black Flag / Unity Assassins Creed
90%
H Bungie Master Chief Halo
90%
S Capcom Chun-Li / Ryu Street Fighter
84%
F Bethesda Softworks Vault 101 Fallout
82%
B Electronic Arts 1942 / 2142 / Hardline Battlefield
78%
U Naughty Dog Nathan Drake Treasure Hunter Uncharted
78%
L Valve Right 4 Alive / Zombies Left 4 Dead
76%
Z Nintendo Epona / Rupees Zelda
75%
E Bethesda Softworks Morrowind, Daggerfall Elder Scrolls
70%
K Square Enix / Disney Sora / Goofy / Maleficent Kingdom Hearts
70%
D Electronic Arts Isaac Clarke / Necromorphs Dead Space
49%
Q Activision / Bethesda / Id Similar to Doom / 2 games on N64 Quake
47%
R Insomniac Captain Quark, Lombax / Bolts Ratchet and Clank
39%
X Square / Namco / Monolith Gears, Saga, Blade Xeno
38%
W Muse Return to Castle Wolfenstein
37%
Y Sega Kazuma Kiryu Yakuza
34%
I Sucker Punch Cole, Delsin / Parkour Infamous
33%
J Naughty Dog The Precursor Legacy Jak & Daxter
32%
N Tecmo Ryu / Difficult Nes Game Ninja Gaiden
30%
T Acclaim Dinosaur Hunter Turok
28%
V Sega Akira Yuki / 3d arcade Virtua Fighter
15%
O Capcom Rescue Yuki / Power of the Oni Onimusha
9%
No matching quizzes found
Score Distribution
Percent of People with Each Score
Percentile by Number Answered
Your Score History
You have not taken this quiz